| 000 | 00355nam a22001457a 4500 | ||
|---|---|---|---|
| 999 |
_c1791 _d1791 |
||
| 008 | 200204b ||||| |||| 00| 0 eng d | ||
| 082 | 0 | 0 |
_a623.81232 _b C1471 |
| 100 |
_91404 _aCaldwell, A. |
||
| 245 | 1 | 0 |
_aScrew tug design _cby A Caldwell |
| 260 |
_aLondon _bHutchinson _c1950 |
||
| 300 | _aix,154p. | ||
| 365 | _d12.06 | ||
| 650 | 0 | _aTugboats | |
| 942 | _cBK | ||